Crisis de hegemonía, Estados Unidos y las opciones globales de política económica en El Salvador /

Zapisane w:
Opis bibliograficzny
1. autor: Rosa Chavez, Herman
organizacja autorów: Universidad Nacional. Facultad de Ciencias Sociales. Escuela de Economía, Maestría en Política Económica para Centroamérica y el Caribe, Encuestro Opciones de Política Económica para El Salvador
Format: Texto
Wydane: Heredia: UNA
Etykiety: Dodaj etykietę
Nie ma etykietki, Dołącz pierwszą etykiete!

MARC

LEADER 00000 a a2200000 04500
001 24165
003
040 |a CRAI/IIS  |c CRAI/IIS 
090 |a 172000  
100 |a Rosa Chavez, Herman  
110 |a Universidad Nacional. Facultad de Ciencias Sociales. Escuela de Economía  
245 |a Crisis de hegemonía, Estados Unidos y las opciones globales de política económica en El Salvador /  |c Universidad Nacional. Facultad de Ciencias Sociales. Escuela de Economía  
260 |a Heredia:   |b UNA  
300 |a 26 p.  
710 |a Maestría en Política Económica para Centroamérica y el Caribe  
710 |a Encuestro Opciones de Política Económica para El Salvador  
999 |c 17664  |d 17664